Colour photography for the Amateur (Record no. 12672)

000 -LEADER
fixed length control field 00422nam a22001577a 4500
008 - FIXED-LENGTH DATA ELEMENTS--GENERAL INFORMATION
fixed length control field 210212b ||||| |||| 00| 0 eng d
082 00 - DEWEY DECIMAL CLASSIFICATION NUMBER
Classification number 778.6
Item number H1741
100 ## - MAIN ENTRY--PERSONAL NAME
9 (RLIN) 4783
Personal name Hall, M Lillington
245 10 - TITLE STATEMENT
Title Colour photography for the Amateur
250 ## - EDITION STATEMENT
Edition statement 3rd ed.
260 ## - PUBLICATION, DISTRIBUTION, ETC. (IMPRINT)
Place of publication, distribution, etc London
Name of publisher, distributor, etc Newnes
Date of publication, distribution, etc 1961
300 ## - PHYSICAL DESCRIPTION
Extent viii,151p.
650 #0 - SUBJECT ADDED ENTRY--TOPICAL TERM
Topical term or geographic name as entry element Photography
Topical term or geographic name as entry element Color Photography
942 ## - ADDED ENTRY ELEMENTS (KOHA)
Item type Books
Holdings
Withdrawn status Lost status Source of classification or shelving scheme Damaged status Not for loan Permanent location Current location Date acquired Full call number Barcode Date last seen Koha item type
          IMU Kolkata IMU Kolkata 2021-02-12 778.6 H1741 F01002 2021-02-12 Books
Designed and Maintained by IMU-KC Library, Kolkata Campus © Copyright All Rights Reserved

webs counters

Powered by Koha